| 000 | 00406nam a22001697a 4500 | ||
|---|---|---|---|
| 005 | 20180703151456.0 | ||
| 008 | 160625b xxu||||| |||| 00| 0 eng d | ||
| 020 | _a978-81-8488-550-1 | ||
| 041 | _aeng | ||
| 082 |
_b10095 _a658.11 |
||
| 100 |
_aGordon, E and others _94441 |
||
| 245 | _aEnterpreneurship Development | ||
| 260 |
_bHPH _c2009 |
||
| 300 | _a133p, | ||
| 650 |
_aManagement _9241 |
||
| 942 | _cBK | ||
| 999 |
_c4042 _d4041 |
||